Southville International School and Colleges
Your cart is empty.
  • Cart
  • Lists
    Public lists Eva Luna New books Lux_list list_1
    Your lists Log in to create your own lists
  • Log in to your account
  • Your cookies
  • Search history
Southville International School and Colleges
  • Advanced search
  • Recent comments
  • Most popular
  • Libraries

Log in to your account

Log in with GOOGLE


If you do not have an external account, but do have a local account, you can still log in:

  1. Home
  2. MARC view: Active grammar :
Normal view MARC view ISBD view

Active grammar : (Record no. 14158)

[ view plain ]
MARC details
000 -LEADER
fixed length control field 00456nam a22001697a 4500
003 - CONTROL NUMBER IDENTIFIER
control field OSt
005 - DATE AND TIME OF LATEST TRANSACTION
control field 20140310182533.0
008 - FIXED-LENGTH DATA ELEMENTS--GENERAL INFORMATION
fixed length control field 130813t xxu||||| |||| 00| 0 eng d
020 ## - INTERNATIONAL STANDARD BOOK NUMBER
International Standard Book Number 9780521145999
050 ## - LIBRARY OF CONGRESS CALL NUMBER
Classification number PE 1128
Item number .D261 2011
100 ## - MAIN ENTRY--PERSONAL NAME
Personal name Davis, Fiona
9 (RLIN) 9788
245 ## - TITLE STATEMENT
Title Active grammar :
Remainder of title with answers /
Statement of responsibility, etc Fiona Davis
260 ## - PUBLICATION, DISTRIBUTION, ETC. (IMPRINT)
Place of publication, distribution, etc UK :
Name of publisher, distributor, etc Cambridge,
Date of publication, distribution, etc c2011.
300 ## - PHYSICAL DESCRIPTION
Extent 215 p. :
Other physical details col. ill. ;
Dimensions 28 cm.
942 ## - ADDED ENTRY ELEMENTS (KOHA)
Source of classification or shelving scheme Library of Congress Classification
Koha item type
Holdings
Withdrawn status Lost status Source of classification or shelving scheme Damaged status Home library Current library Shelving location Date acquired Total Checkouts Total Renewals Full call number Barcode Date last seen Date checked out Copy number Price effective from Koha item type
    Library of Congress Classification   South SEED-LPDH College Library South SEED-LPDH College Library South SEED-LPDH College Section 08/13/2013 2 33 PE 1128 .D261 2011 SSLC1211 05/15/2018 07/24/2017 1 08/13/2013 Books

Active grammar :

APA

Davis F., . (2011). Active grammar. UK: Cambridge.

Chicago

Davis Fiona, . 2011. Active grammar. UK: Cambridge.

Harvard

Davis F., . (2011). Active grammar. UK: Cambridge.

MLA

Davis Fiona, . Active grammar. UK: Cambridge. 2011.

  • Place hold
  • Print
  • Cite
  • Add to your cart (remove)
  • Save record
    BIBTEX Dublin Core MARCXML MARC (non-Unicode/MARC-8) MARC (Unicode/UTF-8) MARC (Unicode/UTF-8, Standard) MODS (XML) RIS
  • More searches
    Search for this title in:
    Other Libraries (WorldCat) Other Databases (Google Scholar) Online Stores (Bookfinder.com) Open Library (openlibrary.org)

Exporting to Dublin Core...

SOUTHVILLE LIBRARY

Southville International School and Colleges Library

1281 Tropical Ave. Cor. Luxembourg St., BF Homes International, Las Pinas City

Tel. No. 8256374 / 252358 Loc. 117/146

Powered by Koha